000 00702nam a2200217 a 4500
001 000049303
005 20240530073924.0
008 090824s2009 dr 000 f spa d
020 _a9789945408294
040 _aDO-SdBNP
_bspa
_cBNPHU
082 _aRD863.44
_bR627i
100 1 _aRizik, Marisela,
_d1957-
_916464
245 1 3 _aLa infinita incertidumbre /
_cMarisela Risik.
260 _a[Santo Domingo] :
_bArgos,
_c2009.
300 _a158 p. ;
_c23 cm.
500 _aIncluye datos biográficos del autor en la solapa de la cubierta
590 _aInventariado, 2019/VM
650 0 _aNovela dominicana
_9223
650 0 _aLiteratura dominicana.
_967
910 _aValidado. Control de calidad MMOLINA
999 _c48791
_d48791